| 000 | 00447nam a22001577a 4500 | ||
|---|---|---|---|
| 020 | _a9789692208666 | ||
| 082 |
_a297.7 _bSHA |
||
| 100 | _aKhawaja Shamsuddin Azeemi | ||
| 245 |
_aMard Hazrat kay Masail _cKhawaja Shamsuddin Azeemi |
||
| 260 |
_aKarachi _bAzeemi University Press _c2022 |
||
| 300 | _a332p | ||
| 563 | _aH.B | ||
| 650 |
_aIslamic Teaching _963270 |
||
| 880 |
_6245\r _aمرد حضرات کے مسائل |
||
| 942 |
_2ddc _cBK |
||
| 999 |
_c595316 _d595316 |
||